000 00642nam a2200193Ia 4500
003 GCL
008 140319s9999 xx 000 0 ara d
040 _aGCL /
_cGCL
082 0 4 _a343.014
_bع س
100 1 _aعزت مصطفى الدسوقى
245 1 0 _aشرح قانون الاحكام العسكرية قانون الاجراءات /
_cعزت مصطفى الدسوقى
260 _a[S.N] :
_bمكتبة النهضة المصرية ،
_c1991
300 _a200 ص
490 _a
650 0 4 _aالقانون
650 0 4 _aقانون الاجراءات المدنية
650 0 4 _aالقانون العسكرى
942 _2ddc
_cBK
999 _c28410
_d28410